Paises de LATAM del mas grande al pequeño - Estadísticas

Estadísticas generales
  • Esta prueba ha sido intentada 193 veces
  • La puntuación promedio es 18 de 19
Estadísticas de respuestas
Hint Respuesta % Correcto
Sur Brasil
99%
Sur Argentina
98%
Sur Colombia
97%
Sur Uruguay
97%
Sur Chile
96%
Sur Paraguay
96%
Sur Venezuela
96%
Sur Bolivia
95%
Norte México
95%
Sur Perú
95%
Sur Ecuador
92%
Islas Cuba
90%
Centro Honduras
90%
Centro Panamá
90%
Centro El salvador
88%
Centro Guatemala
87%
Centro Costa rica
86%
Centro Nicaragua
84%
Islas Republica dominicana
84%
No se encontraron pruebas coincidentes
Distribución de puntuación
Porcentaje de gente con cada puntuación
Porcentaje por número respondido
Historial de tus puntuaciones
No has intentado esta prueba.